[Event "POL-chT blind"]
[Site "Wagrowiec"]
[Date "2017.10.17"]
[Round "4.3"]
[White "Kaciotys, Mieczyslaw"]
[Black "Filipiak, Rajmund"]
[Result "1/2-1/2"]
[WhiteElo "1677"]
[BlackElo "1713"]
[PlyCount "78"]
[EventDate "2017.10.14"]
[EventType "team-tourn"]
[EventRounds "9"]
[EventCountry "POL"]
[SourceTitle "EXT 2019"]
[Source "ChessBase"]
[SourceDate "2018.10.10"]
[SourceVersion "1"]
[SourceVersionDate "2018.10.10"]
[SourceQuality "1"]

1. e4 c6 2. Nf3 d5 3. exd5 cxd5 4. d4 Bg4 5. h3 Bh5 6. Nc3 e6 7. Bb5+ Nc6 8. Qd3 Bg6 9. Bxc6+ bxc6 10. Qe2 Bd6 11. 0-0 Nf6 12. Bg5 Qc7 13. Bxf6 gxf6 14. Nh4 Rg8 15. Nd1 Rg7 16. Ne3 Qe7 17. Rfe1 Kf8 18. Qa6 Qc7 19. Ng4 Be7 20. Re3 Kg8 21. Rc3 Rc8 22. a3 h5 23. Nh2 Be4 24. N4f3 Kh7 25. Kf1 Bd6 26. Kg1 Bxh2+ 27. Nxh2 Rxg2+ 28. Kf1 Rxh2 29. Ke2 Rg8 30. Rf1 Qf4 31. Qxa7 Rg7 32. a4 Kh6 33. Qa8 Bg2 34. Qh8+ Kg6 35. Rg3+ Kf5 36. Qxh5+ Rg5 37. Qh7+ Rg6 38. Qh5+ Rg5 39. Qh7+ Rg6 1/2-1/2

[Event "POL-chT blind"]
[Site "Wagrowiec"]
[Date "2017.10.14"]
[Round "1.15"]
[White "Gryglewicz, Tadeusz"]
[Black "Filipiak, Rajmund"]
[Result "0-1"]
[WhiteElo "1647"]
[BlackElo "1713"]
[PlyCount "93"]
[EventDate "2017.10.14"]
[EventType "team-tourn"]
[EventRounds "9"]
[EventCountry "POL"]
[SourceTitle "EXT 2019"]
[Source "ChessBase"]
[SourceDate "2018.10.10"]
[SourceVersion "1"]
[SourceVersionDate "2018.10.10"]
[SourceQuality "1"]

1. Nf3 d5 2. d4 e6 3. g3 c5 4. e3 Nf6 5. Nbd2 Nc6 6. a3 Bd6 7. dxc5 Bxc5 8. b4 Bd6 9. Bb2 a6 10. c4 0-0 11. Bd3 Re8 12. Qc2 h6 13. e4 dxc4 14. Nxc4 e5 15. h3 Bxb4+ 16. Bc3 Bxc3+ 17. Qxc3 Qc7 18. g4 Bd7 19. g5 hxg5 20. Nxg5 Nd4 21. Rc1 Rac8 22. 0-0 Ne6 23. Qd2 Nxg5 24. Qxg5 Bxh3 25. Nb2 Qd7 26. Rxc8 Rxc8 27. Re1 Qg4+ 28. Qxg4 Bxg4 29. Kg2 b5 30. f3 Be6 31. Re2 Rc3 32. a4 bxa4 33. Bxa6 a3 34. Nd3 Nd7 35. Kf2 a2 36. Re1 Ra3 37. Bb5 a1Q 38. Rxa1 Rxa1 39. Bxd7 Bxd7 40. Nxe5 Be6 41. Kg3 Ra3 42. Kf4 f6 43. Ng6 Kf7 44. Nh8+ Ke7 45. Kg3 Ra1 46. Kf4 Rg1 47. e5 0-1